All Municipalities on Long Island - Statistics

General Stats
  • This quiz has been taken 128 times
    19 since last reset
  • The average score is 106 of 312
Answer Stats
Town/City Municipalities % Correct
Southampton North Sea
92%
Oyster Bay Oyster Bay
92%
Hempstead Hempstead
85%
Islip Islip
85%
Long Beach Long Beach
85%
East Hampton Montauk
85%
Riverhead Riverhead
85%
Southampton Southampton
85%
Babylon Babylon
77%
East Hampton East Hampton
77%
Glen Cove Glen Cove
77%
Huntington Huntington
77%
New York City New York City
77%
Smithtown Smithtown
77%
Southampton Westhampton
77%
Hempstead Levittown
69%
Huntington Northport
69%
North Hempstead Port Washington
69%
Shelter Island Shelter Island
69%
Southold Southold
69%
Hempstead West Hempstead
69%
Islip West Islip
69%
Islip Central Islip
62%
Huntington Cold Spring Harbor
62%
Huntington East Northport
62%
Hempstead Garden City
62%
North Hempstead Great Neck
62%
Southold Greenport
62%
Southampton Hampton Bays
62%
Oyster Bay Hicksville
62%
Huntington Huntington Station
62%
Oyster Bay Massapequa
62%
North Hempstead Mineola
62%
Southold Orient
62%
Brookhaven Patchogue
62%
Brookhaven Port Jefferson
62%
Southampton Quogue
62%
Islip Ronkonkoma
62%
Babylon Amityville
54%
Huntington Asharoken
54%
Hempstead Bellmore
54%
Oyster Bay Bethpage
54%
Brookhaven Brookhaven
54%
Smithtown Commack
54%
Babylon Copiague
54%
Babylon Deer Park
54%
Islip East Islip
54%
Hempstead East Meadow
54%
Smithtown Hauppauge
54%
Hempstead Merrick
54%
Southampton Northampton
54%
Oyster Bay Plainview
54%
North Hempstead Roslyn
54%
Islip Sayville
54%
Brookhaven Stony Brook
54%
Hempstead Uniondale
54%
North Hempstead Westbury
54%
Babylon Wyandanch
54%
East Hampton Amagansett
46%
Islip Bay Shore
46%
Oyster Bay Bayville
46%
Islip Brentwood
46%
North Hempstead Carle Place
46%
Hempstead Cedarhurst
46%
Huntington Centerport
46%
Southampton East Quogue
46%
North Hempstead East Williston
46%
Hempstead Elmont
46%
Oyster Bay Farmingdale
46%
Hempstead Freeport
46%
Hempstead Inwood
46%
Smithtown Kings Park
46%
Hempstead Lawrence
46%
Huntington Lloyd Harbor
46%
Hempstead Lynbrook
46%
North Hempstead Manhasset
46%
Oyster Bay Massapequa Park
46%
Southold Mattituck
46%
Brookhaven Medford
46%
Smithtown Nesconset
46%
Babylon North Amityville
46%
Hempstead North Merrick
46%
Hempstead Oceanside
46%
Oyster Bay Old Westbury
46%
North Hempstead Plandome
46%
Hempstead Rockville Centre
46%
Hempstead Seaford
46%
Brookhaven Selden
46%
Hempstead South Hempstead
46%
Huntington South Huntington
46%
Hempstead Valley Stream
46%
Hempstead Wantagh
46%
Babylon West Babylon
46%
Brookhaven Yaphank
46%
North Hempstead Albertson
38%
Hempstead Baldwin
38%
Brookhaven Blue Point
38%
Southampton Bridgehampton
38%
Oyster Bay Brookville
38%
Riverhead Calverton
38%
Brookhaven Centereach
38%
Brookhaven Coram
38%
Huntington Dix Hills
38%
Hempstead East Rockaway
38%
Huntington Eatons Neck
38%
Huntington Elwood
38%
Hempstead Floral Park
38%
Huntington Fort Salonga
38%
Oyster Bay Glen Head
38%
Hempstead Hewlett
38%
Islip Holbrook
38%
Islip Islandia
38%
Hempstead Island Park
38%
Oyster Bay Jericho
38%
Islip Kismet
38%
North Hempstead Lake Success
38%
Hempstead Lido Beach
38%
Babylon Lindenhurst
38%
North Hempstead Manorhaven
38%
Huntington Melville
38%
Hempstead New Hyde Park
38%
Babylon North Babylon
38%
Hempstead North Bellmore
38%
Southold Peconic
38%
Southampton Riverside
38%
Southampton Sagaponack
38%
Southampton Sag Harbor
38%
Oyster Bay Sea Cliff
38%
Smithtown St. James
38%
Southampton Westhampton Beach
38%
Hempstead Atlantic Beach
31%
Riverhead Baiting Hollow
31%
Brookhaven Bellport
31%
Southold Cutchogue
31%
Hempstead East Atlantic Beach
31%
North Hempstead East Hills
31%
Oyster Bay East Massapequa
31%
Brookhaven East Patchogue
31%
Brookhaven East Setauket
31%
Brookhaven Fire Island Pines
31%
Hempstead Franklin Square
31%
North Hempstead Garden City Park
31%
Hempstead Garden City South
31%
North Hempstead Great Neck Plaza
31%
Huntington Greenlawn
31%
Huntington Halesite
31%
Brookhaven Holtsville
31%
Huntington Huntington Bay
31%
Riverhead Jamesport
31%
North Hempstead Kings Point
31%
Brookhaven Lake Grove
31%
Brookhaven Lake Ronkonkoma
31%
Hempstead Lakeview
31%
Southold Laurel
31%
Oyster Bay Laurel Hollow
31%
Oyster Bay Locust Valley
31%
Hempstead Malverne
31%
Brookhaven Manorville
31%
Brookhaven Mastic
31%
Brookhaven Middle Island
31%
Brookhaven Miller Place
31%
Oyster Bay Mill Neck
31%
Brookhaven Mount Sinai
31%
East Hampton Napeague
31%
Smithtown Nissequogue
31%
Oyster Bay North Massapequa
31%
North Hempstead North New Hyde Park
31%
Brookhaven North Patchogue
31%
Hempstead North Valley Stream
31%
Islip Oakdale
31%
Oyster Bay Old Bethpage
31%
Oyster Bay Old Brookville
31%
North Hempstead Plandome Manor
31%
Brookhaven Port Jefferson Station
31%
North Hempstead Port Washington North
31%
Brookhaven Ridge
31%
Hempstead Roosevelt
31%
North Hempstead Roslyn Heights
31%
Islip Saltaire
31%
North Hempstead Sands Point
31%
Brookhaven Setauket
31%
Shelter Island Shelter Island Heights
31%
Brookhaven Shirley
31%
Hempstead South Floral Park
31%
Southampton Speonk
31%
Riverhead Wading River
31%
Southampton Westhampton Dunes
31%
Huntington West Hills
31%
Babylon Wheatley Heights
31%
North Hempstead Williston Park
31%
Islip Bayport
23%
Hempstead Bellerose
23%
Islip Bohemia
23%
Oyster Bay Cove Neck
23%
Shelter Island Dering Harbor
23%
Babylon East Farmingdale
23%
Southold East Marion
23%
Oyster Bay East Norwich
23%
Southampton Eastport
23%
Brookhaven East Shoreham
23%
Babylon Gilgo
23%
North Hempstead | Oyster Bay Glenwood Landing
23%
Brookhaven Gordon Heights
23%
North Hempstead Great Neck Estates
23%
Islip Great River
23%
North Hempstead | Oyster Bay Greenvale
23%
North Hempstead Herricks
23%
Hempstead Hewlett Harbor
23%
Brookhaven Mastic Beach
23%
Oyster Bay Matinecock
23%
Oyster Bay Muttontown
23%
Islip North Bay Shore
23%
Brookhaven North Bellport
23%
North Hempstead North Hills
23%
Babylon North Lindenhurst
23%
Hempstead North Wantagh
23%
Southampton Noyack
23%
Babylon Oak Beach
23%
Islip Ocean Beach
23%
Oyster Bay Oyster Bay Cove
23%
Oyster Bay Plainedge
23%
Hempstead Point Lookout
23%
Southampton Quiogue
23%
Brookhaven Rocky Point
23%
North Hempstead Saddle Rock
23%
Southampton Shinnecock Hills
23%
Brookhaven Shoreham
23%
Brookhaven Sound Beach
23%
Hempstead South Valley Stream
23%
East Hampton Springs
23%
Hempstead Stewart Manor
23%
Brookhaven Terryville
23%
Southampton Tuckahoe
23%
Oyster Bay Upper Brookville
23%
Brookhaven Upton
23%
Southampton Water Mill
23%
Hempstead Woodmere
23%
Hempstead Baldwin Harbor
15%
North Hempstead Baxter Estates
15%
Islip Baywood
15%
Brookhaven Belle Terre
15%
Islip Brightwaters
15%
Brookhaven Center Moriches
15%
Oyster Bay Centre Island
15%
Brookhaven Cherry Grove
15%
Brookhaven Davis Park
15%
Brookhaven East Moriches
15%
Islip Fair Harbor
15%
Brookhaven Farmingville
15%
Southampton Flanders
15%
North Hempstead Great Neck Gardens
15%
Southold Greenport West
15%
Hempstead Harbor Isle
15%
Smithtown Head of the Harbor
15%
Islip Islip Terrace
15%
Oyster Bay Lattingtown
15%
North Hempstead Manhasset Hills
15%
Brookhaven Moriches
15%
North Hempstead New Cassel
15%
Southampton North Haven
15%
Riverhead Northville
15%
East Hampton Northwest Harbor
15%
Brookhaven Old Field
15%
North Hempstead Plandome Heights
15%
Southampton Remsenburg
15%
North Hempstead Roslyn Estates
15%
North Hempstead Roslyn Harbor
15%
North Hempstead Saddle Rock Estates
15%
North Hempstead Searingtown
15%
Oyster Bay South Farmingdale
15%
North Hempstead University Gardens
15%
Huntington Vernon Valley
15%
Brookhaven Water Island
15%
Islip West Bay Shore
15%
Riverhead Aquebogue
8%
Hempstead Barnum Island
8%
Hempstead Bay Park
8%
Babylon Captree
8%
Babylon Copiague Harbor
8%
Hempstead East Garden City
8%
East Hampton East Hampton North
8%
Southold Fishers Island
8%
North Hempstead Flower Hill
8%
North Hempstead Harbor Hills
8%
Hempstead Hewlett Bay Park
8%
Hempstead Hewlett Neck
8%
North Hempstead Kensington
8%
Islip Lonelyville
8%
North Hempstead Munsey Park
8%
Southold New Suffolk
8%
Islip North Great River
8%
Hempstead North Lynbrook
8%
Brookhaven Point of Woods
8%
Brookhaven Poquott
8%
Hempstead Salisbury
8%
Oyster Bay Syosset Woodbury
8%
North Hempstead Thomaston
8%
Smithtown Village of the Branch
8%
East Hampton Wainscott
8%
Islip West Sayville
8%
Huntington Wincoma
8%
Hempstead Bellerose Terrace
0%
Islip Dunewood
0%
Hempstead Malverne Park Oats
0%
Hempstead North Woodmere
0%
Brookhaven Ocean Bay Park
0%
North Hempstead Russel Gardens
0%
Brookhaven Strongs Neck
0%
Hempstead Woodsborough
0%
No matching quizzes found
Score Distribution
Percent of People with Each Score
Percentile by Number Answered
Your Score History
You have not taken this quiz since the last reset